Who's that at the 2019 Golden Globes? Quiz Stats

 Plays Quiz not verified by Sporcle

Score 0/30 Timer 10:00
2 Plays Today
% Correct
Julia Roberts
88.6%
Lady Gaga
88.2%
Nicole Kidman
81.9%
Emma Stone
74.9%
Amy Adams
73.6%
Emily Blunt
72.6%
Sandra Oh
68.6%
Glenn Close
65.4%
Julianne Moore
61.3%
Rami Malek
58.5%
John Krasinski
56%
Spike Lee
54.5%
Kaley Cuoco
52.2%
Viggo Mortensen
50%
Ricky Martin
48.9%
% Correct
Maya Rudolph
48.4%
Dakota Fanning
47.4%
Bill Hader
43.7%
Carol Burnett
42.4%
Darren Criss
41.2%
Lupita Nyong'o
38.4%
Rosamund Pike
33.7%
Timothée Chalamet
33%
Olivia Colman
30.8%
Constance Wu
27.6%
Janelle Monáe
27.4%
Richard Madden
26%
Judy Greer
23.3%
Evan Peters
21.2%
Troye Sivan
17.8%

You're not logged in!

Compare scores with friends on all Sporcle quizzes.
OR
Log In

You Might Also Like...

Show Comments

Extras

Top Quizzes Today


Score Distribution

Your Account Isn't Verified!

In order to create a playlist on Sporcle, you need to verify the email address you used during registration. Go to your Sporcle Settings to finish the process.

Report this User

Report this user for behavior that violates our Community Guidelines.

Details: